Bloody Europe! : racconti, appunti, cartoline dall'Europa gay.

Salvato in:
Dettagli Bibliografici
Natura: Libro
Lingua:italiano
Pubblicazione: Roma : Playground, [2004]
Serie:Liberi e audaci
Soggetti:
Tags: Aggiungi Tag
Nessun Tag, puoi essere il primo ad aggiungerne!!

MARC

LEADER 00000nam a2200000 i 4500
001 IT\ICCU\LO1\0812207
003 ItRI
005 20260204133443.0
008 040310s2004 it |||||| ||||| |||||c
015 |2 IT  |a 2005-3194 
020 |a 8889113006 
040 |b ita  |c Arcigay Queer VdA 
041 7 |a ita  |2 ISO-639-2 
082 |a 853.914080353  |2 21 
082 |a 853.92080353  |2 21 
245 0 0 |a Bloody Europe! :  |b racconti, appunti, cartoline dall'Europa gay. 
260 |a Roma :  |b Playground,  |c [2004] 
300 |a 161 p. ;  |c 16 cm. 
500 |a Autori citati in copertina: Giuliana Berengan, Vittorio Bongiorno, Sandro Campani, Rossana Campo, Massimo Carlotto, Mircea Cartarescu, Fabrizio Cavallaro, Ivan Cotroneo, Mario Desiati, Giovanni Farinetti, Tommaso Giartrosio, Alessandro Golinelli, Vadim Kalinin, Nicola Lagioia, Andrej Longo, Francesca Mazzuccato, Melania Mazzucco, Eudes Panel, Renzo Paris, Valeria Parrella, Giancarlo Pastore, Piergiorgio Paterlini, Tiziano Scarpa, Elena Stancanelli, Delia Vaccarello, Alan Warner. 
650 7 |a Omosessualità nella letteratura narrativa italiana  |x 1990-2004  |x Antologie  |2 scbi 
830 0 |a Liberi e audaci  |0 IT\ICCU\LO1\0812215 
942 |2 ddc  |c BK 
952 |0 0  |1 0  |2 ddc  |4 0  |6 853_914080353000000_BLO  |7 1  |9 3831  |a AO  |b AO  |d 2025-04-18  |l 0  |o 853.914080353 BLO  |p 11074  |r 2025-04-18 14:13:29  |w 2025-04-18  |x Di proprietà di Giulio Gasperini  |y BK 
952 |0 0  |1 0  |2 ddc  |4 0  |6 LNR_05BERGIBLO12  |7 0  |9 4791  |a MI  |b MI  |d 2006-02-24  |i 5092  |l 0  |o LNR05-BERGI-BLO12  |p CDOM5092  |r 2025-07-07 11:14:16  |w 2025-07-07  |x ACQUISTO  |y BK 
952 |0 0  |1 0  |2 ddc  |4 0  |6 LNR_05BERGIBLO13  |7 0  |9 4792  |a MI  |b MI  |d 2009-09-18  |i 5656  |l 0  |o LNR05-BERGI-BLO13  |p CDOM5656  |r 2025-07-07 11:14:16  |w 2025-07-07  |x ACQUISTO  |y BK 
952 |0 0  |1 0  |2 ddc  |4 0  |6 LNR_05BERGIBLO11  |7 0  |9 4793  |a MI  |b MI  |d 2005-04-15  |i 4869  |l 0  |o LNR05-BERGI-BLO11  |p CDOM4869  |r 2025-07-07 11:14:16  |w 2025-07-07  |x ACQUISTO  |y BK 
952 |0 0  |1 0  |2 ddc  |4 0  |6 P__57_000000000000000  |7 0  |9 9910  |a VT  |b VT  |d 2025-11-12  |e Deposito Giordano Piccirilli  |i PIC3  |l 0  |o P.57  |p PIC3  |r 2025-11-12 12:05:00  |w 2025-11-12  |y BK  |z Deposito Giordano Piccirilli 
952 |0 0  |1 0  |4 0  |6 DOC_853_920000000000000_BLO  |7 0  |9 18263  |a BO  |b BO  |d 2026-01-15  |i 15585  |l 0  |o DOC 853.920 BLO  |p BO15585  |r 2026-01-15 23:19:56  |w 2026-01-15  |x [Sebina 5] [1 v.]  |y BK  |z 1 v. (2. copia) 
952 |0 0  |1 0  |4 0  |6 DOC_853_920000000000000_BLO  |7 0  |9 18264  |a BO  |b BO  |d 2026-01-15  |i 8111  |l 0  |o DOC 853.920 BLO  |p BO8111  |r 2026-01-15 23:19:56  |w 2026-01-15  |x [Sebina 5] [1 v.]  |y BK  |z 1 v. 
952 |0 0  |1 0  |4 0  |6 DOC_853_920000000000000_BLO  |7 0  |9 18265  |a BO  |b BO  |d 2026-01-15  |i 17014  |l 0  |o DOC 853.920 BLO  |p BO17014  |r 2026-01-15 23:19:56  |w 2026-01-15  |x [Sebina 5] [1 v.]  |y BK  |z 1 v. (3. copia) 
999 |c 2987  |d 2987